000 00767nam a22002417a 4500
003 UA-OsUOA
001 21991
007 ta
008 20031216b un ||||| |||| 00| 0 ukr d
090 _a008(477)
_bГ94
942 _cBK
040 _aUA-OsUOA
_bukr
_cUA-OsUOA
_dUA-OsUOA
245 _aГуманізм і духовність у контексті культури
_bДуховність національної культури. Духовність і генеза особистості
_cРед. Т.Біленко В.Скотний В.Здоровенко
300 _a263 с.
955 _a0
041 _aukr
080 _a008(477)
260 _aДрогобич
_c1995
246 3 1 _aКн.2
_n
044 _aUA
650 7 _2UDC
999 _c308201
_d308201